Geometric analysis on the Heisenberg group and its generalizations
Saved in:
| Main Author: | |
|---|---|
| Other Authors: | , |
| Format: | Book |
| Language: | English |
| Published: |
Providence, R.I. : [Somerville, MA] :
American Mathematical Society, International Press,
c2007
|
| Series: | AMS/IP studies in advanced mathematics ;
; 40 |
| Subjects: | |
| Tags: |
Add Tag
No Tags, Be the first to tag this record!
|
MARC
| LEADER | 00000nam a2200000 i 4500 | ||
|---|---|---|---|
| 001 | 1/81848 | ||
| 008 | 080411s2007 eng d | ||
| 020 | |a 978-0-8218-4319-2 | ||
| 035 | |l 10096544 | ||
| 040 | |a GR-MY-UA |b gre |e aacr | ||
| 041 | 0 | |a eng | |
| 082 | 0 | |a 516.362 |2 (22) | |
| 100 | 1 | |a Calin, Ovidiu. | |
| 245 | 1 | 0 | |a Geometric analysis on the Heisenberg group and its generalizations / |c Ovidiu Calin, Der-Chen Chang, Peter Greiner |
| 260 | |a Providence, R.I. : |a [Somerville, MA] : |b American Mathematical Society, |b International Press, |c c2007 | ||
| 300 | |a ix, 244 σ. |b εικ. |c 27 εκ. | ||
| 490 | 1 | |a AMS/IP studies in advanced mathematics |v ; 40 | |
| 504 | |a Περιέχει βιβλιογραφικές παραπομπές (σ. 239-240) και ευρετήριο | ||
| 650 | 0 | 0 | |a Global differential geometry. |
| 650 | 0 | 0 | |a Geometry, Riemannian. |
| 650 | 0 | 0 | |a Riemannian manifolds. |
| 700 | 1 | |a Chang, Der-chen E. | |
| 700 | 1 | |a Greiner, P. C. |q (Peter Charles) |d 1938- | |
| 830 | 0 | |a AMS/IP studies in advanced mathematics ; |v ; 40 | |
| 852 | |a INST |b SAMOS |e 20080411 |h 516.362 CAL |p 005300030493 |q 005300030493 |t BK |y 0 | ||
| 901 | |a BIBL3-2008-1 | ||
| 909 | |a Σ |b 151965 | ||
| 922 | |a 3ΕΛΗ |b 200803 |c ΕΠΕΑΕΚ2/ΤΜΗΜΑ ΜΑΘΗΜΑΤΙΚΩΝ |d ΕΛΕΥΘΕΡΟΥΔΑΚΗΣ | ||
| 970 | |a ΡΟΥΣΣΟΥ |b ΚΩΝΣΤΑΝΤΙΝΑ |z 2008/04/11 | ||